PROFESÖR Pİ İLE MATEMATİK 10 ŞEKİL ŞEKİL TUHAFLIKLAR (Record no. 642127)
[ view plain ]
| 000 -LEADER | |
|---|---|
| sabit uzunluktaki kontrol alanı | 00287nam a2200097Ia 4500 |
| 001 - KONTROL NUMARASI | |
| kontrol alanı | 642127 |
| 005 - EN SON İŞLEMİN TARİH VE ZAMANI | |
| kontrol alanı | 20250826153520.0 |
| 008 - SABİT-UZUNLUKTA VERİ ÖĞELERİ--GENEL BİLGİ | |
| sabit uzunluktaki kontrol alanı | 250824s9999 xx 000 0 und d |
| 245 #0 - ESER / YAZAR | |
| ESER ADI | PROFESÖR Pİ İLE MATEMATİK 10 ŞEKİL ŞEKİL TUHAFLIKLAR |
| Yazar Adı | BİRSEN EKİM ÖZEN |
| 260 ## - YAYIN, DAĞITIM, VB. | |
| YAYIN EVİ | TİMAŞ ÇOCUK |
| Düşüm durumu | Kayıp durumu | Hasar Durumu | Ödünç verilmez | Ana kütüphane | Geçerli Kütüphane | Edinilen tarih | Toplam ödünç verme sayısı | Barkod | Son görüntüleme tarihi | Son ödünç verme tarihi | Fiyatın geçerli olmaya başladığı tarih | Koha materyal türü |
|---|---|---|---|---|---|---|---|---|---|---|---|---|
| ABİDİN SANİYE ERÇAL İLKOKULU | ABİDİN SANİYE ERÇAL İLKOKULU | 24.08.2025 | 1 | 10012388 | 06.03.2026 | 02.03.2026 | 26.08.2025 | Books |